| 000 | 00592nam a22001575i 4500 | ||
|---|---|---|---|
| 001 | 169995 | ||
| 003 | ES-MaACL | ||
| 005 | 20230906214248.0 | ||
| 008 | 090109s1878 sp |||| | spa d | ||
| 110 | 2 |
_aAteneo Igualadino. _9139172 |
|
| 245 | 1 | 0 |
_aDiscurso inaugural de la restauración del Ateneo Igualadino de la Clase Obrera / _cpronunciado por ... José Panadés y Poblet... en 24 de agosto de 1878. |
| 260 |
_aIgualada : _b[s.n.], _c1878 ( _fImp. de la Viuda Abadal e hijo) |
||
| 300 |
_a16 p. ; _c19 cm. |
||
| 700 | 1 |
_aPanadés y Poblet, José. _9139173 |
|
| 852 |
_aES-MaACL _jT-308-F-7 |
||
| 999 |
_c169995 _d169995 |
||